00896nam a2200193Ia 450000500170000000800410001702000150005805000200007310000350009324500510012825000180017926000360019730000500023333600100028333700140029333800120030750503500031965000330066920231102151244.0120720s1999 sp ao 000 0 spa d a8434220954 aNC730bP37 199910aParramón, José Ma. eautor aLápices de Coloresc / José Ma. Parramón a3a. edición aEspañab : Parramónc, 1999 a32 páginasb : ilustraciones, fotografías atexto asin medio avolumen aVolúmenes y color Objetos cotidianos Paisaje de montaña Barcas en la playa Bodegón con gama fría Un parque modernista Desnudo femenino Retrato a partir de fotografía Bodegón con lápices acuarelables Color en la arquitectura El volumen en una naranjas Luz y color en un taller artesanal Consejos para pintar con lápices de colores14aCOLORxESTUDIO Y ENSEÑANZA